|
|
|
|
| LEADER |
00838pam a22002538a 4500 |
| 001 |
00021174 |
| 005 |
20171026081022.0 |
| 008 |
110523s1978 ||||||Viesd |
| 041 |
0 |
# |
|a Vie
|
| 082 |
1 |
# |
|a 891.73
|b TR527NG
|
| 100 |
0 |
# |
|a Tsekhốp,A
|
| 245 |
0 |
0 |
|a Truyện ngắn
|b Hai tập
|c A.Tsekhốp; Phan Hồng giang, Cao Kim Hạo dịch
|n T.2
|
| 260 |
# |
# |
|a H.
|b Văn học
|c 1978
|
| 300 |
# |
# |
|a 437 tr.
|c 19 cm.
|
| 650 |
# |
7 |
|2 Liên Xô
|
| 650 |
# |
7 |
|2 Văn học hiện đại
|
| 653 |
# |
# |
|a Truyện ngắn
|
| 700 |
0 |
# |
|a Cao Xuân Hạo
|e Dịch
|
| 700 |
0 |
# |
|a Phan Hồng Giang
|e Dịch
|
| 852 |
# |
# |
|b Kho mượn
|j KM.0010160
|
| 852 |
# |
# |
|b Kho đọc
|j KD.0007001
|
| 852 |
# |
# |
|j KM.0010160
|j KD.0007001
|
| 910 |
|
|
|d 23/05/2011
|
| 980 |
# |
# |
|a Trung tâm Học liệu Lê Vũ Hùng, Trường Đại học Đồng Tháp
|